Recycling of thermoplastic wastes /

Bibliographic Details
Corporate Author: Verein Deutscher Ingenieure
Format: Book
Language:English
Published: Dusseldorf : VDI-Verlag, [1979]
Series:Ingenieurwissen.
Subjects:

MARC

Tag First Indicator Second Indicator Subfields
LEADER 00000cam a2200000 a 4500
001 in00000070682
005 20151008061847.0
008 800814s1979 gw a b 00000 engm
010 |a  80670186  
015 |a GFR79-A 
020 |a 3184040518 :  |c $52.00 (U.S.) 
035 |a (OCoLC)06667866 
035 |9 AAJ8995AM 
040 |a DLC  |c DLC  |d m.c.  |d TXA  |d UtOrBLW 
049 |a TXAM  |c [1803004] 
050 0 0 |a TP1180.T5  |b R42 
082 0 |a 668.4/23  |2 19 
245 0 0 |a Recycling of thermoplastic wastes /  |c published by Verein Deutscher Ingenieure VDI-Gesellschaft Kunststofftechnik ; English translation by M.S. Welling. 
264 1 |a Dusseldorf :  |b VDI-Verlag,  |c [1979] 
264 4 |c ©1979 
300 |a iv, 206 pages :  |b illustrations ;  |c 22 cm. 
336 |a text  |b txt  |2 rdacontent 
337 |a unmediated  |b n  |2 rdamedia 
338 |a volume  |b nc  |2 rdacarrier 
490 1 |a Ingenieurwissen 
504 |a Includes bibliographical references. 
650 0 |a Thermoplastics  |x Recycling. 
710 2 |a Verein Deutscher Ingenieure. 
830 0 |a Ingenieurwissen. 
999 |a MARS 
999 f f |s 2140834b-f33a-301e-ad90-e3f0306192f3  |i ea333633-f6ae-36ac-bb78-7dca956c3ccb  |t 0 
952 f f |p ric  |a Texas A&M University  |b Rellis Campus  |c Joint Library Facility  |d Remote Storage  |t 0  |e TP1180.T5 R42  |h Library of Congress classification  |i unmediated -- volume  |m A14806257979 
998 f f |a TP1180.T5 R42  |t 0  |l Remote Storage